000
00358nam a2200157Ia 4500
008
221030s9999 xx 000 0 und d
020
_a
8170089263
041
_a
English
082
_a
105.23
100
_a
R. K. Rajput
245
0
_a
Utilisation of Electrical Power
260
_b
Laxmi Pub
_a
New Delhi
_c
2007
300
_a
707
650
_a
EE
942
_c
BK
999
_c
5629
_d
5629